La primera piedra / (Record no. 177152)

MARC details
000 -LEADER
campo de control de longitud fija 00637nam a22001935i 4500
001 - NÚMERO DE CONTROL
campo de control 177152
003 - IDENTIFICADOR DE NÚMERO DE CONTROL
campo de control ES-MaACL
005 - FECHA Y HORA DE LA ÚLTIMA TRANSACCIÓN
campo de control 20230906220251.0
008 - DATOS DE LONGITUD FIJA--INFORMACIÓN GENERAL
campo de control de longitud fija 110307s1966 sp |||| | spa d
080 ## - NÚMERO DE LA CLASIFICACIÓN DECIMAL UNIVERSAL
Número de la Clasificación Decimal Universal 821.134.2-311.2"19"
100 1# - ENTRADA PRINCIPAL--NOMBRE DE PERSONA
Nombre de persona Cerdán Tato, Enrique.
9 (RLIN) 37471
245 13 - MENCIÓN DEL TÍTULO
Título La primera piedra /
Mención de responsabilidad, etc. E. Cerdán Tato.
260 ## - PUBLICACIÓN, DISTRIBUCIÓN, ETC.
Lugar de publicación, distribución, etc. [Madrid] :
Nombre del editor, distribuidor, etc. LNP,
Fecha de publicación, distribución, etc. 1966.
300 ## - DESCRIPCIÓN FÍSICA
Extensión 95 p. ;
Dimensiones 17 cm.
490 1# - MENCIÓN DE SERIE
Mención de serie La novela popular. Contemporánea, inédita, española ;
Designación de volumen o secuencia 28
830 0# - PUNTO DE ACCESO ADICIONAL DE SERIE-TÍTULO UNIFORME
Título uniforme La novela popular. Contemporánea, inédita, española ;
Designación de volumen o secuencia 28
9 (RLIN) 188024
852 ## - LOCALIZACIÓN
Ubicación ES-MaACL
Número de control de estantería E-14574
Encuadernación Olim P-213-Ter
Holdings
Estatus retirado Estado de pérdida Estado de daño No para préstamo Biblioteca de origen Biblioteca actual Ubicación en estantería Fecha de adquisición Fuente de adquisición Total de préstamos Signatura topográfica completa Código de barras Visto por última vez Precio de reemplazo Tipo de ítem Koha
        Biblioteca del Ateneo de Madrid Biblioteca del Ateneo de Madrid Depósito 2 07/03/2011     E-14574 1186060 23/02/2023 23/02/2023 Libro impreso